चण्डिमठ (Record no. 830356)

MARC details
000 -LEADER
fixed length control field 00516nam a2200169Ia 4500
008 - FIXED-LENGTH DATA ELEMENTS--GENERAL INFORMATION
fixed length control field 110201s9999 xx 000 0 und d
082 ## - DEWEY DECIMAL CLASSIFICATION NUMBER
Item number B3811
Classification number K 1581
100 ## - MAIN ENTRY--PERSONAL NAME
Personal name रांजणकर यशवंत
245 ## - TITLE STATEMENT
Title चण्डिमठ
260 ## - PUBLICATION, DISTRIBUTION, ETC. (IMPRINT)
Name of publisher, distributor, etc अजिंक्य प्रकाशन
365 ## - TRADE PRICE
Price amount 50
600 ## - SUBJECT ADDED ENTRY--PERSONAL NAME
Personal name रांजणकर यशवंत
630 ## - SUBJECT ADDED ENTRY--UNIFORM TITLE
Uniform title चण्डिमठ
700 ## - ADDED ENTRY--PERSONAL NAME
Personal name रांजणकर यशवंत
730 ## - ADDED ENTRY--UNIFORM TITLE
Uniform title चण्डिमठ
942 ## - ADDED ENTRY ELEMENTS (KOHA)
Koha item type Book
Holdings
Withdrawn status Lost status Damaged status Not for loan Home library Current library Date acquired Cost, normal purchase price Total Checkouts Barcode Date last seen Cost, replacement price Price effective from Koha item type
        Prof.Manikrao Kirtane Vachanalaya, Vashi, Navi Mumbai Prof.Manikrao Kirtane Vachanalaya, Vashi, Navi Mumbai 02/01/2011 50.00   PMKV-B3811 02/01/2011 50.00 02/01/2011 Book